Normal view
MARC view
- Lennox Furnace Company
Entry Corporate Name
001 - CONTROL NUMBER
- control field: 45609
003 - CONTROL NUMBER IDENTIFIER
- control field: NUST
005 - DATE AND TIME OF LATEST TRANSACTION
- control field: 20210314133311.0
008 - FIXED-LENGTH DATA ELEMENTS
- fixed length control field: 210314|| aca||aabn | a|a d
040 ## - CATALOGING SOURCE
- Original cataloging agency: NUST
- Transcribing agency: NUST
110 ## - HEADING--CORPORATE NAME
- Corporate name or jurisdiction name as entry element: Lennox Furnace Company
670 ## - SOURCE DATA FOUND
- Source citation: Work cat.: (NUST): Norris, John W. 45607, Warm air heating and winter air conditioning., [1950]
